Flags of the African Countries That Start With G - Statistics

General Stats
  • This quiz has been taken 36 times
  • The average score is 5 of 5
Answer Stats
Picture Answer % Correct
Gambia
100%
Ghana
100%
Gabon
96%
Guinea
92%
Guinea-Bissau
92%
No matching quizzes found
Score Distribution
Percent of People with Each Score
Percentile by Number Answered
Your Score History
You have not taken this quiz